A description of crop varieties grown in Malaŵi / (Record no. 19710)

000 -LEADER
fixed length control field 00413cam a2200169 a 4500
040 ## - CATALOGING SOURCE
Transcribing agency DLC
082 00 - DEWEY DECIMAL CLASSIFICATION NUMBER
Classification number 631 OUK 2017 C138 Or.
245 02 - TITLE STATEMENT
Title A description of crop varieties grown in Malaŵi /
250 ## - EDITION STATEMENT
Edition statement Rev. [ed.].
260 ## - PUBLICATION, DISTRIBUTION, ETC. (IMPRINT)
Place of publication [Lilongwe] :
Name of publisher The Committee,
Year of publication 1991.
300 ## - PHYSICAL DESCRIPTION
Number of Pages 64 p. ;
Dimensions 21 cm.
650 #0 - SUBJECT ADDED ENTRY--TOPICAL TERM
Topical Term Crops
650 #0 - SUBJECT ADDED ENTRY--TOPICAL TERM
Topical Term Plant varieties
710 1# - ADDED ENTRY--CORPORATE NAME
Corporate name or jurisdiction name as entry element Malawi.
710 1# - ADDED ENTRY--CORPORATE NAME
Corporate name or jurisdiction name as entry element Malawi.
942 ## - ADDED ENTRY ELEMENTS (KOHA)
Koha item type សៀវភៅភាសាខ្មែរ
952 ## - LOCATION AND ITEM INFORMATION (KOHA)
Withdrawn status [LOCAL, KOHA] 0
952 ## - LOCATION AND ITEM INFORMATION (KOHA)
Withdrawn status [LOCAL, KOHA] 0
952 ## - LOCATION AND ITEM INFORMATION (KOHA)
Withdrawn status [LOCAL, KOHA] 0
952 ## - LOCATION AND ITEM INFORMATION (KOHA)
Withdrawn status [LOCAL, KOHA] 0
Holdings
Source of acquisition Permanent Location Date acquired Koha item type Lost status Shelving location Current Location Full call number
A063455Library Block B2021-03-19សៀវភៅភាសាខ្មែរ B138Library Block B631 OUK 2017 C138 Or.
A062753Library Block B2021-03-19សៀវភៅភាសាខ្មែរ B138Library Block B631 OUK 2017 C138 Or.
A062781Library Block B2021-03-19សៀវភៅភាសាខ្មែរ B138Library Block B631 OUK 2017 C138 Or.
A064761Library Block B2021-03-19សៀវភៅភាសាខ្មែរ B138Library Block B631 OUK 2017 C138 Or.
មជ្ឈមណ្ឌលឯការនៃសាកលវិទ្យាល័យភូមិន្ទកសិកម្មចំការដូង

Powered by Koha